000 00553nam a2200193Ia 4500
003 GCL
008 140319s9999 xx 000 0 ara d
040 _aGCL /
_cGCL
082 0 4 _a610.9
_bش س
100 1 _aشادية توفيق حافظ
245 1 0 _aالسريان وتاريخ الطب /
_cشادية توفيق حافظ
300 _a337 ص
490 _a
650 0 4 _aالطب العربى
650 0 4 _aالعلوم عند العرب
650 0 4 _aالحضارة الاسلامية
650 0 4 _aالطب المصرى
942 _2ddc
_cBK
999 _c41959
_d41959